Statistics for JToH Soul Crushing Towers

Click here to take the quiz!

General Stats

  • This quiz has been taken 18 times
  • The average score is 41 of 52

Answer Stats

AreaTower% Correct
Ring 1Thanos Tower
100%
Ring 3Tower of Confusion
100%
Ring 9Tower of Cruel Punishment
100%
Ring 2Tower of Difficulty Chart
100%
Zone 2Tower of Double Trouble
100%
Ring 8Tower of Generation Failure
100%
Pit of MiseryTower of Spiralling Fates
100%
Pit of MiseryCitadel of Infinite Void
89%
Zone 5Tower of Alien Radiance
89%
Zone 8Tower of Astral Eclipse
89%
Ring 9Tower of Augmented Misery
89%
Ring 9Tower of Champion's Road
89%
Ring 7Tower of Elongated Runs
89%
Zone 3Tower of Hopeless Hell
89%
Ring 5Tower of Icy Blizzards
89%
Ring 6Tower of Impossible Movement
89%
Ring 4Tower of Inception
89%
Forgotten RidgeTower of Mind Breaking
89%
Pit of MiseryTower of The Roof's Pique
89%
Zone 1Tower of Thinning Layers
89%
Pit of MiseryTower of Vacant Hindrances
89%
Ashen TowerworksTower of Wicked Fortress
89%
Pit of MiseryTower of Blind Fate
78%
Ring 9Tower of Bloodthirsty Kenos
78%
Ring 9Tower of Curved Ascent
78%
Zone 8Tower of Descent Into Exile
78%
Pit of MiseryTower of Eternal Void
78%
Ring 8Tower of Externalizing Insanity
78%
Ring 9Tower of Frightening and Confusing Trials
78%
Ring 5Tower of Frightening Nightmares
78%
Zone 6Tower of Micro Management
78%
Zone 8Tower of Rough Endoplasmic Reticulum
78%
Ring 6Tower of Strategic Mechanics
78%
Ring 8Tower of Suffering Outside
78%
Lost RiverTower of Unsettling Heights
78%
Zone 4Tower of Astronomically Aimless Annoyances
67%
Zone 7Tower of Fractured Memories
67%
Zone 4Tower of Inevitable Failure
67%
Ring 9Tower of Nervous Sweating
67%
Pit of MiseryTower of Overthinking Life Choices
67%
Zone 5Tower of Polychromatic Zero
67%
Ring 7Tower of Terrifying Beauty
67%
Zone 6Tower of The Dripping Amalgam
67%
Zone 7Tower of Uncanny Agony
67%
Pit of MiseryTower of Vindictive Maneuvers
67%
Pit of MiseryTower of Water Melon
67%
Pit of MiseryTower of Xerically Infuriating Calamity
67%
Ring 9Tower of Bent Trauma
56%
Ring 7Tower of Extreme Hell
56%
Ring 9Tower of High Adrenaline
56%
Pit of MiseryTower of Shunning Excursion
56%
Pit of MiseryWas A Tower
56%

Score Distribution

Percentile by Number Answered

Percent of People with Each Score

Your Score History

You have not taken this quiz